DEL BUSINESS AL E-BUSINESS EN TIEMPOS DE CRISIS : (Registro nro. 50752)
[ vista simple ]
| 000 -LEADER | |
|---|---|
| fixed length control field | 00866nam a2200193 a 4500 |
| 001 - CONTROL NUMBER | |
| control field | 50752 |
| 005 - DATE AND TIME OF LATEST TRANSACTION | |
| control field | 20180714035928.0 |
| 008 - FIXED-LENGTH DATA ELEMENTS--GENERAL INFORMATION | |
| fixed length control field | 140415s2003 mx 000 0 spa d |
| 020 ## - INTERNATIONAL STANDARD BOOK NUMBER | |
| International Standard Book Number | 8480888393 |
| 041 ## - LANGUAGE CODE | |
| Language code of text/sound track or separate title | spa |
| 082 ## - DEWEY DECIMAL CLASSIFICATION NUMBER | |
| Classification number | 658.00285 |
| Item number | BAR |
| 100 1# - MAIN ENTRY--PERSONAL NAME | |
| Personal name | BARRIO, LUIS DE |
| 245 10 - TITLE STATEMENT | |
| Title | DEL BUSINESS AL E-BUSINESS EN TIEMPOS DE CRISIS : |
| Remainder of title | COMO APLICAR INTERNET PARA AUMENTARLA PRODUCTIVIDAD DE SU EMPRESA Y AHORRAR COSTOS |
| 250 ## - EDITION STATEMENT | |
| Edition statement | 1a ed. |
| 260 ## - PUBLICATION, DISTRIBUTION, ETC. | |
| Place of publication, distribution, etc. | MEXICO : |
| Name of publisher, distributor, etc. | GESTION 2000, S.A., |
| Date of publication, distribution, etc. | 2003 |
| 300 ## - PHYSICAL DESCRIPTION | |
| Extent | 146 |
| Dimensions | 16.6 x 1 x 23 |
| 520 ## - SUMMARY, ETC. | |
| Summary, etc. | ESTE LIBRO ES UN MARCO DE REFERENCIA SOBRE DONDE, COMO Y POR QUE APLICAR EL E-BUSINESS EN EL DÍA A DÍA DE CUALQUIER EMPRESA. CONCEPTOS PRCATICOS QUE LE MOSTRARAN UNA NUEVA FORMA DE HACER NEGOCIOS ,PARA QUE LO TRADICIONAL NO SEA SINÓNIMO DELO ABSOLETO. |
| 650 14 - SUBJECT ADDED ENTRY--TOPICAL TERM | |
| Topical term or geographic name entry element | PUBLICIDAD |
| General subdivision | COMERCIO ELECTRONICO |
| Withdrawn status | Lost status | Source of classification or shelving scheme | Damaged status | Not for loan | Collection code | Home library | Current library | Shelving location | Date acquired | Source of acquisition | Inventory number | Total Checkouts | Full call number | Barcode | Date last seen | Date last checked out | Price effective from | Koha item type |
|---|---|---|---|---|---|---|---|---|---|---|---|---|---|---|---|---|---|---|
| Dewey Decimal Classification | General | Biblioteca Karol Wojtyla | Biblioteca Karol Wojtyla | Sala general | 03/12/2013 | Compra | 151000000000000000020365 | 658.00285 BAR | 75782 | 05/01/2026 | 28/10/2014 | 03/12/2013 | Libro | |||||
| Dewey Decimal Classification | General | Biblioteca Karol Wojtyla | Biblioteca Karol Wojtyla | Sala general | 03/12/2013 | Compra | 151000000000000000020366 | 658.00285 BAR | 78394 | 05/01/2026 | 06/10/2014 | 03/12/2013 | Libro |